|
|
|
|
| LEADER |
01372nam a22003734a 4500 |
| 001 |
EBC3001762 |
| 003 |
MiAaPQ |
| 005 |
20200520144314.0 |
| 006 |
m o d | |
| 007 |
cr cn||||||||| |
| 008 |
031125s2004 nyua sb 001 0 eng |
| 010 |
|
|
|z 2003025985
|
| 020 |
|
|
|z 0814407773
|
| 035 |
|
|
|a (MiAaPQ)EBC3001762
|
| 035 |
|
|
|a (Au-PeEL)EBL3001762
|
| 035 |
|
|
|a (CaPaEBR)ebr10057975
|
| 035 |
|
|
|a (OCoLC)56072884
|
| 040 |
|
|
|a MiAaPQ
|c MiAaPQ
|d MiAaPQ
|
| 050 |
|
4 |
|a HD58.8
|b .B458 2004
|
| 082 |
0 |
4 |
|a 658.4/012
|2 22
|
| 100 |
1 |
|
|a Belgard, William.
|
| 245 |
1 |
0 |
|a Shaping the future
|h [electronic resource] :
|b a dynamic process for creating and achieving your company's strategic vision /
|c William P. Belgard, Steven R. Rayner.
|
| 260 |
|
|
|a New York :
|b AMACOM,
|c c2004.
|
| 300 |
|
|
|a xiv, 224 p. :
|b ill.
|
| 504 |
|
|
|a Includes bibliographical references and index.
|
| 533 |
|
|
|a Electronic reproduction. Ann Arbor, MI : ProQuest, 2015. Available via World Wide Web. Access may be limited to ProQuest affiliated libraries.
|
| 650 |
|
0 |
|a Organizational change.
|
| 650 |
|
0 |
|a Leadership.
|
| 650 |
|
0 |
|a Strategic planning.
|
| 650 |
|
0 |
|a Industrial management.
|
| 655 |
|
4 |
|a Electronic books.
|
| 700 |
1 |
|
|a Rayner, Steven R.
|
| 710 |
2 |
|
|a ProQuest (Firm)
|
| 856 |
4 |
0 |
|u https://ebookcentral.proquest.com/lib/matrademy/detail.action?docID=3001762
|z Click to View
|